| 000 | 00843cam a2200205 ab4500 | ||
|---|---|---|---|
| 005 | 20251001113930.0 | ||
| 008 | 991125d1999 pe tr p 000 spa d | ||
| 035 | _aUPN01000075951 | ||
| 040 |
_aMX-MxUPN _bspa _cMX-MxUPN _eaacr |
||
| 100 | 1 | _aGorostiaga S.J., Xabier | |
| 245 | 1 |
_aEn busca del eslabón perdido entre educación y desarrollo : _bdesafíos y retos para la Universidad en América Latina y el Caribe |
|
| 530 | _aDisponible también en versión electrónica | ||
| 650 | 4 |
_aEducación superior _932 |
|
| 773 |
_gNo 15, (1999), p. 48-62 _tLa piragua : revista latinoamericana y caribeña de educación y política _x2073-0810 |
||
| 856 | 4 | _uhttps://biblioteca.isauroarancibia.org.ar/wp-content/uploads/2020/11/LA-PIRAGUA-15.pdf | |
| 902 | _bLeonor Sotres/011025 | ||
| 904 |
_aAC _b013762 |
||
| 905 | _aArticulo | ||
| 942 | _cAI | ||
| 999 |
_c67691 _d67691 |
||